Losowe państwa na mapie Azji - Statystyki

Ogólne statystyki
  • Ten quiz został rozwiązany 260 razy
  • Średni wynik to 9 z 10
Odpowiedzi na mapie
Odpowiedzi zakodowano w zielono-czerwonej skali na mapie do tego quizu, zgodnie z poniższymi procentami.
 
Statystyki odpowiedzi
Kraj % Poprawnych
Azerbejdżan
100%
Chiny
100%
Filipiny
100%
Indie
100%
Indonezja
100%
Iran
100%
Kazachstan
100%
Kirgistan
100%
Korea Północna
100%
Laos
100%
Mongolia
100%
Tajlandia
100%
Tajwan
100%
Turcja
100%
Izrael
96%
Japonia
95%
Syria
95%
Turkmenistan
95%
Arabia Saudyjska
94%
Irak
94%
Korea Południowa
94%
Nepal
94%
Bhutan
93%
Jemen
93%
Oman
93%
Tadżykistan
93%
Uzbekistan
92%
Pakistan
91%
Sri Lanka
91%
Malediwy
90%
Afganistan
89%
Katar
89%
Liban
89%
Bahrajn
88%
Brunei
88%
Singapur
88%
Kambodża
86%
Malezja
86%
Bangladesz
85%
Mjanma
85%
Armenia
84%
Cypr
84%
Jordania
84%
Gruzja
83%
Zjednoczone Emiraty Arabskie
83%
Wietnam
82%
Kuwejt
80%
Palestyna
78%
Timor Wschodni
76%
Nie znaleziono quizów pasujących do podanych kryteriów
Rozkład punktacji
Procent ludzi z każdym wynikiem
Percentyl według liczby udzielonych odpowiedzi
Twoja historia wyników
Nie rozwiązałeś tego quizu